Word Ladder: Step-by-Step Drinking Quiz Stats

 Plays Quiz Updated Jun 17, 2016

Challenge
Share
Tweet
Embed
Score 0/38 Timer 04:00
0 Plays Today
Clue 4-Letter Word % Correct
Yogi or Smokey, e.g.BEAR
96.5%
⌚ Half a quart ⌚⌚ PINT ⌚
96.2%
Building on a farmBARN
95.4%
A clueHINT
95.2%
Oates musical partnerHALL
94%
Ship bodyHULL
94%
Dime or nickel, e.g.COIN
93.3%
Swiss capital cityBERN
93%
Cease and desistHALT
92.8%
'Have You Ever ____ Mellow'BEEN
91.8%
Sword handle portionHILT
91.7%
'____ On The 4th Of July'BORN
90.7%
IncinerateBURN
90.5%
Sweat ductPORE
89.3%
Starboard's counterpartPORT
89.2%
⌚ FRANKLIN'S PROOF OF GOD'S LOVE ⌚⌚ BEER ⌚
87.5%
Hubbard's cupboard statusBARE
87.3%
Poker, buffalo, or tortilla, e.g.CHIP
87.1%
⌚ WHISKER SITE ⌚⌚ CHIN ⌚
87%
Clue 4-Letter Word % Correct
Repressed or confined, with 'up'PENT
86.9%
'Bird on a ____'WIRE
86.4%
D'Anjou or Bosc, e.g.PEAR
85.4%
Pork or karate unitCHOP
84.8%
Gardener's mossPEAT
84.8%
Boone's cap skinCOON
84.7%
Bunion or callusCORN
83.7%
Army outpostFORT
83.5%
⌚ CLEAN A SLATE ⌚⌚ WIPE ⌚
83.5%
Jonathan Livingston, e.g.GULL
82.1%
Business abrev.CORP
82%
Former NFL QB AndreWARE
81.8%
⌚ 7-11'S BIG ____⌚ GULP ⌚
79.5%
Meerschaum or corncob, e.g.PIPE
77.7%
Pullet palaceCOOP
77.4%
English poet AlexanderPOPE
77.3%
Loony codgerCOOT
74%
Where to find a CrocFOOT
73.7%
⌚ THUMP AN INFANT ⌚⌚ BURP ⌚
68.5%

Today's Daily Dose

You're not logged in!

Compare scores with friends on all Sporcle quizzes.
Join for Free
OR
Log In

You Might Also Like...

Show Comments

Extras

Top Quizzes Today


Score Distribution

Your Account Isn't Verified!

In order to create a playlist on Sporcle, you need to verify the email address you used during registration. Go to your Sporcle Settings to finish the process.

Report this User

Report this user for behavior that violates our Community Guidelines.

Details: